Nová európska daň môže predražiť hypotéky aj poistky

Banky, poisťovne a iné finančné domy tlačia na slovenskú vládu, aby nesúhlasila so zavedením takzvanej dane z finančných transakcií. Jej pripomienkovanie sa skončilo, platiť by mala od budúceho roka v jedenástich krajinách Únie.

Salvato in:
Dettagli Bibliografici
Autore principale: Neupauerová, Zuzana
Natura: Capitolo di libro
Lingua:slovacco
Soggetti:
Tags: Aggiungi Tag
Nessun Tag, puoi essere il primo ad aggiungerne!!

MARC

LEADER 00000nla a2200000 4500
001 0171958
005 20240502072940.2
041 0 |a slo 
044 |a SK 
245 1 0 |a Nová európska daň môže predražiť hypotéky aj poistky  |c Zuzana Neupauerová 
520 |a Banky, poisťovne a iné finančné domy tlačia na slovenskú vládu, aby nesúhlasila so zavedením takzvanej dane z finančných transakcií. Jej pripomienkovanie sa skončilo, platiť by mala od budúceho roka v jedenástich krajinách Únie. 
610 2 0 |a dane 
610 2 0 |a zdaňovanie 
610 2 0 |a sadzby daňové 
610 2 0 |a zaťaženie daňové 
610 2 0 |a výnosy daňové 
610 2 0 |a banky 
610 2 0 |a inštitúcie finančné 
100 1 |a Neupauerová, Zuzana